Growth strategies (Record no. 83238)

MARC details
000 -LEADER
fixed length control field 01098cab a22002055a 4500
001 - CONTROL NUMBER
control field L153245
008 - FIXED-LENGTH DATA ELEMENTS--GENERAL INFORMATION
fixed length control field 110630e20110625xxk 000 0 eng d
035 ## - SYSTEM CONTROL NUMBER
System control number (Sirsi) u153245
041 0# - LANGUAGE CODE
Language code of text/sound track or separate title eng
100 1# - MAIN ENTRY--PERSONAL NAME
Personal name Firth, Beverley
245 00 - TITLE STATEMENT
Title Growth strategies
260 ## - PUBLICATION, DISTRIBUTION, ETC.
Date of publication, distribution, etc. 2011
490 ## - SERIES STATEMENT
Series statement Estates Gazette
Volume/sequential designation (1125) 25 June 2011, 99(1)
520 ## - SUMMARY, ETC.
Summary, etc. Explains the processes behind the coalition government's draft of the proposed presumption in favour of sustainable development. Mentions the Conservative Party's green paper 'Open source planning' published before the 2010 election which took the theme of sustainability in a different direction towards localism. Also notes the 'Plan for Growth' published alongside the 2011 Budget which connects sustainability with economic growth. Expects to see reforms to the planning system to allow for development that promotes economic and social benefits.
590 ## - LOCAL NOTE (RLIN)
Local note KA
651 #4 - SUBJECT ADDED ENTRY--GEOGRAPHIC NAME
Geographic name United Kingdom
Chronological subdivision
690 ## - LOCAL SUBJECT ADDED ENTRY--TOPICAL TERM (OCLC, RLIN)
Topical term or geographic name as entry element ENVIRONMENTAL AND LAND CONSULTANCY-SUSTAINABILITY-SUSTAINABLE DEVELOPMENT
700 1# - ADDED ENTRY--PERSONAL NAME
Personal name de Ferrars Green, Christine
942 ## - ADDED ENTRY ELEMENTS (KOHA)
Suppress in OPAC 0
Holdings
Withdrawn status Lost status Source of classification or shelving scheme Damaged status Not for loan Home library Current library Shelving location Date acquired Total Checkouts Full call number Barcode Date last seen Copy number Price effective from Koha item type
    Dewey Decimal Classification     London London Journal article 30/06/2011   L153245 153245-1001 06/08/2019 1 06/08/2019 Journal article